00913nam a2200265Ia 4500001000600000003000900006008004100015040001300056040001300069041001300082100003000095100002900125245008100154245005300235250001100288260000900299260001200308260004900320300005900369500010500428650003500533650003100568700002000599700002800619 3834IT-RoPAU130308s9999 xx 000 0 und d aIT-RoPAU cIT-RoPAU aITALIANO aLutzemberger Maria Grazia gCodice Aut. SPICS: 4419 aRivista di politica culturale come momento di intervento sul territorio (La) bCultura, comunicazioni di Massa, lotta di Classe a1a ed. aROMA bSavelli c1976 [1° Ed.:1976 - Ed.Ling.Originale:1976] a"11 p. (prefazione: no ; testo: 11 [pagine: 135-145])" aClassi Sociali Cultura di Massa Cultura colta rivista Politica Culturale Come mezzo di Comunicazione aSAGGI DI COMUNICAZIONE SOCIALE eCodice materia Spics: 3807 aBernardi Sergio gCodice Aut. SPICS: 9275